Mining lore ; an illustrated composition and documentary compilation with emphasis on the spirit and history of mining.

Bibliographic Details
Main Author: Paul, Wolfgang, 1928-
Format: Book
Language:English
Published: Portland, Or. : Morris Print. Co., [1971]
Edition:[2nd ed.].
Subjects:

MARC

Tag First Indicator Second Indicator Subfields
LEADER 00000cam a2200000 4500
001 in00000097288
005 20150925114651.0
008 720714s1971 eng u
010 |a  72023604  
035 |a (OCoLC)00356347 
035 |9 AAL2744AM 
040 |c OSU  |d TXA  |d UtOrBLW 
049 |a TXAM  |c [710081] 
050 0 0 |a TN15  |b .P37 
082 0 |a 622/.09 
090 |a TN15  |b .P37 1971 
100 1 |a Paul, Wolfgang,  |d 1928- 
245 1 0 |a Mining lore ;  |b an illustrated composition and documentary compilation with emphasis on the spirit and history of mining. 
250 |a [2nd ed.]. 
264 1 |a Portland, Or. :  |b Morris Print. Co.,  |c [1971] 
300 |a 940 pages :  |b illustrations, facsimiles, portraits ;  |c 24 cm. 
336 |a text  |b txt  |2 rdacontent 
337 |a unmediated  |b n  |2 rdamedia 
338 |a volume  |b nc  |2 rdacarrier 
504 |a Includes bibliographical references. 
650 0 |a Mines and mineral resources  |x History. 
999 |a MARS 
999 f f |s 15ce74ac-f704-33ab-bc93-975dcd4579ea  |i f4f387a1-e95e-30ed-a385-4226a478647e  |t 0 
952 f f |p ric  |a Texas A&M University  |b Rellis Campus  |c Joint Library Facility  |d Remote Storage  |t 0  |e TN15 .P37 1971  |h Library of Congress classification  |i unmediated -- volume  |m A14805560418 
998 f f |a TN15 .P37 1971  |t 0  |l Remote Storage